Регионална библиотека "Любен Каравелов" - Русе

Христоматия (Запис номер 193565)

MARC детайли
000 -Лидер
Контролно поле с фиксирана дължина 01565nam a2200373 c 4500
003 - Код на организацията, давaща контролен номер
Контролно поле BLK
005 - Дата и час на последна редакция
Контролно поле 20241219085731.0
008 - Елементи от данни с фиксирана дължина
fixed length control field 180411b bul|||||r ||||||| ||bul||
010 ## - Наследен системен номер
LC control number KNG00202780000
040 ## - Източник на каталожния запис
Идентификатор на билиотеката - собственик на записа BLK
041 ## - Код за език
Код за езика на текст/звукозапис или на отделно заглавие Български
Код за езика КДБФ Български
072 #7 - Код за тематичната категория
Код организация bullib
Код за тематична категория А
Текст Фонд Михаил Арнаудов
080 ## - УДК
Текстов определител УДК Литература в основното училище. Методика на обучението
УДК код - определител по УДК 373.3.016:821
УДК определител (082)(075.2)
УДК - код + определител 373.3.016:821(082)(075.2)
139 ## - Редно поле
Редна дума Георгиев, Любен Томов
Авторски знак Георгиев - Г 37
245 10 - Сведения за заглавието
Заглавие Христоматия
Подзаглавни данни За ІІІ кл. на прогимназиите
Редно поле (дума) състав. Любен Томов Георгиев.
257 ## - Страна на издаване
Страна на създаване/издаване България
260 ## - Област на издателските данни
Име на издателя, разпространителя и проч. Христо Г. Данов
Година на издаване 1937
300 ## - Физическа характеристика
Страници 144 с.
Илюстрации и др. с ил., портр.
Размери/Мащаб 24 см
380 ## - Жанр
Жанр Обществени науки
490 ## - СЕРИИ (Колекции)
9 (RLIN) 396381
Име на серия Частна колекция - Академик Михаил Арнаудов
Бележки за серията Дарение - Основен фонд
500 ## - Общи забележки
Забележка Мека подв., неразрязана
650 #7 - Допълнително описание по предмет – тема
Основно описание – тема или топоним Литература - христоматии - учебници за основни училища
Източник на редна или ключова дума
9 (RLIN) 160542
653 ## - Ключова дума – ненормативна
Ключова дума христоматии
653 ## - Ключова дума – ненормативна
Ключова дума ІІІ кл.
659 ## - Тематичен бюлетин
Тематичен бюлетин А
700 1# - Други автори (авторска отговорност)
Лично име Георгиев, Любен Томов
Автороска отговорност (Описва отношението между автора и произведението) състав.
9 (RLIN) 385194
852 ## - Местоположение
Форматна сигнатура МА 1284
856 4# - Електронен адрес и достъп
Електронен формат pdf - файл
856 4# - Електронен адрес и достъп
Електронен формат pdf - файл
999 ## - СИСТЕМНИ КОНТРОЛНИ НОМЕРА
Koha biblionumber 193565
Koha biblioitemnumber 193565
942 ## - АРТИКУЛИ
Вид на библиотечния материал Книги
Скрит в OPAC Не
Периодичен библиозапис Да
944 ## - СЪЗДАВАНЕ И РЕДАКЦИЯ на ЗАПИСА
Създаване/Редакция Създаване
Дата на регистрацията/редакция 13.03.2017
Служител, извършил регистрацията/редакцията 30560
Статус, дата на статуса Геновева Генчева
944 ## - СЪЗДАВАНЕ И РЕДАКЦИЯ на ЗАПИСА
Създаване/Редакция Редакция
Дата на регистрацията/редакция 13.03.2017
Служител, извършил регистрацията/редакцията Геновева_Генчева
999 ## - СИСТЕМНИ КОНТРОЛНИ НОМЕРА
Koha biblioitemnumber 193565
Наличности
Код за отписване Код за изгубен артикул Източник на класификационната схема Код за повреда Коз за рестрикции Код за отдаване Артикулен № Име на библиотеката - собственик Име на библиотеката, в която се намира в момента Статус (Текущо местоположение) Дата на вписване в системата Местоположение - отдел Цена в лева Инвентарен номер Систематично азбучна сигнатура Баркод Номер на екземпляра Цена в евро Служебна бележка Служебен тип на артикула
  Не е изгубен Universal Decimal Classification Не е повреден само за читалня Специални фондове ( старопечатни, редки и ценни, фонд М. Арнаудов) 338931 Регионална библиотека "Любен Каравелов" Русе Регионална библиотека "Любен Каравелов" Русе Фонд "Михаил Арнаудов" 1973-10-01 Фонд "Михаил Арнаудов" 21.00 588765 МА 1284 120000588765 1 10.74 Дост: DA Вид: А N: стар фонд Дата: 01.10.1973 Книги
Vip Innovations Ltd, Rousse, Bulgaria 2025